[Event "Iberoamerican-ch 9th"]
[Site "Panama City"]
[Date "2023.11.30"]
[Round "7"]
[White "Brown Camano, Andres Camilo"]
[Black "Navarro Barrios, Andres Daniel"]
[Result "1-0"]
[WhiteElo "1307"]
[BlackElo "1043"]
[PlyCount "55"]
[EventDate "2023.11.25"]
[EventType "swiss"]
[EventRounds "9"]
[EventCountry "PAN"]
[SourceTitle "CB49_2023"]
[SourceDate "2023.12.06"]
[SourceVersion "1"]
[SourceVersionDate "2023.12.06"]
[SourceQuality "1"]

1. d4 Nf6 2. c4 g6 3. Nc3 Bg7 4. e4 d6 5. Nf3 0-0 6. h3 e5 7. d5 Nbd7 8. Bd3 Nc5 9. Bc2 a5 10. Be3 Bd7 11. 0-0 h6 12. Qd2 Kh7 13. Ne1 Ng8 14. f4 f5 15. fxe5 dxe5 16. Bxc5 Rf7 17. exf5 Bxf5 18. Bxf5 gxf5 19. Qc2 e4 20. Nxe4 Qe8 21. Ng3 Qe5 22. Rxf5 Rxf5 23. Qxf5+ Qxf5 24. Nxf5 Bxb2 25. Rb1 Bc3 26. Bd4 Bxd4+ 27. Nxd4 Re8 28. Nef3 1-0